| 000 | 00343nam a2200145Ia 4500 | ||
|---|---|---|---|
| 008 | 221030s9999 xx 000 0 und d | ||
| 041 | _aEnglish | ||
| 082 |
_a105.23 _bBas |
||
| 100 | _aB. A. Dar | ||
| 245 | 0 |
_aQuestion Bank Chemistry XII _cby B. A. Dar |
|
| 260 |
_bJ&K SBSE _aJammu _c1985 |
||
| 300 | _a149 | ||
| 650 | _aChemistry | ||
| 942 | _cBK | ||
| 999 |
_c350 _d350 |
||